| 000 | 00693nam a2200181Ia 4500 | ||
|---|---|---|---|
| 008 | 151018s9999 xx 000 0 und d | ||
| 082 |
_bRBASDV33038 _a891.434 |
||
| 100 | _aसिंह गिल त्रिलोचन | ||
| 245 | _aभारतीय स्वतंत्रता आंदोलन | ||
| 250 | _b1 | ||
| 260 |
_bगणपती _c2001 |
||
| 300 | _a160 | ||
| 600 | _aसिंह गिल त्रिलोचन | ||
| 630 | _aभारतीय स्वतंत्रता आंदोलन | ||
| 700 | _aसिंह गिल त्रिलोचन | ||
| 730 | _aभारतीय स्वतंत्रता आंदोलन | ||
| 942 | _cBOOK | ||
| 999 |
_c1032558 _d1032555 |
||